Už moju milú od oltára vedú

Bibliographic Details
Main Author: Černý, Václav, 1872-1947 (Author)
Format: Article
Language:Slovak
Subjects:

MARC

LEADER 00000nab a22000001a 4500
001 vtls008997935
003 SK-MaSNL
005 20260303065824.0
008 070611d19321002xo |r|p|||| |000 b|slo
015 |a SNBRRBVU1918-1938 
038 |a SNKBUCL 
038 |a SNKBUVU 
040 |a SNKBUVU  |b slo  |c SNKBUCL  |e AACR2 
041 0 |a slo 
044 |a xo  |c SK 
080 |a 75.051:75.021.32  |2 1997 
080 |a 75.021.32  |2 1997 
100 1 |a Černý, Václav,  |d 1872-1947   |4 aut  |9 102779 
245 1 0 |a Už moju milú od oltára vedú  |c Václav Černý 
650 0 7 |a české maliarstvo  |2 MM  |9 3112 
650 0 7 |a maľby  |2 MM  |9 313520 
655 7 |a reprodukcie výtvarných diel  |2 MM  |9 310790 
773 0 |t Trenčan  |g Roč. 9, č. 40 (2.10.1932), s. 3 
852 |a SNK  |b KIS3GCP 
910 |a snkrbvumm 
958 |a VY 
958 |a CZ 
999 |c 1752874  |d 1754804